00551nam a2200205 a 4500001001300000003000900013005001700022008004100039020002300080082002000103100001800123245004200141260004400183300000900227500003500236505001000271650002300281650002300304700001800327nice12345678IN_TiNIC20260116013743.0050524s1998 lona grp 000 0 eng  a0199398 c49500a330.095491bHAS aHasan, Parvez aPakistan`s Economy at the Cross Roads aLondan bOxford University Press c1998 a376p aincludes index and biblioraphy2 aIndex aEconomics-Pakistan aPakistan-Economics1 aHasan, Parvez